| Tag |
First Indicator |
Second Indicator |
Subfields |
| LEADER |
00000cam a2200000 a 4500 |
| 001 |
in00001811221 |
| 005 |
20211202201035.0 |
| 006 |
m d f |
| 007 |
cr mn- |
| 008 |
040122s2003 dcud s f000 0 eng c |
| 035 |
|
|
|a (OCoLC)ocm54068545
|
| 037 |
|
|
|b GAO (202)512-6000 (voice); (202)512-6061 (Fax); (202)512-2537 (TDD)
|f paper copy
|
| 040 |
|
|
|a GPO
|c GPO
|d DLC
|d MvI
|d UtOrBLW
|
| 042 |
|
|
|a pcc
|
| 043 |
|
|
|a n-us---
|
| 049 |
|
|
|a WWW
|
| 074 |
|
|
|a 0546-D (online)
|
| 086 |
0 |
|
|a GA 1.13:GAO-04-77
|
| 088 |
|
|
|a GAO-04-77
|
| 110 |
1 |
|
|a United States.
|b General Accounting Office.
|
| 245 |
1 |
0 |
|a Information security :
|b improvements needed in Treasury's security management program.
|
| 246 |
3 |
0 |
|a Improvements needed in Treasury's security management program
|
| 246 |
1 |
7 |
|a Treasury information security
|
| 264 |
|
1 |
|a [Washington, D.C.] :
|b U.S. General Accounting Office,
|c [2003]
|
| 336 |
|
|
|a text
|b txt
|2 rdacontent
|
| 337 |
|
|
|a computer
|b c
|2 rdamedia
|
| 338 |
|
|
|a online resource
|b cr
|2 rdacarrier
|
| 538 |
|
|
|a Mode of access: Internet from GPO Access web site. Address as of 1/21/04: http://frwebgate.access.gpo.gov/cgi-bin/getdoc.cgi?dbname=gao&docid=f:d0477.pdf; current access available via PURL.
|
| 500 |
|
|
|a Title from title screen (viewed on Jan. 21, 2004).
|
| 500 |
|
|
|a "November 2003."
|
| 500 |
|
|
|a Paper version available from: General Accounting Office, 441 G St., NW, Rm. LM, Washington, D.C. 20548.
|
| 504 |
|
|
|a Includes bibliographical references.
|
| 500 |
|
|
|a "GAO-04-77."
|
| 500 |
|
|
|a Electronic resource.
|
| 610 |
1 |
0 |
|a United States.
|b Department of the Treasury
|x Information technology
|x Evaluation.
|
| 650 |
|
0 |
|a Information technology
|x Security measures
|z United States.
|
| 650 |
|
0 |
|a Information resources management
|z United States.
|
| 856 |
4 |
0 |
|u https://purl.fdlp.gov/GPO/LPS42528
|t 0
|
| 999 |
|
|
|a MARS
|
| 999 |
f |
f |
|s f7f4fb65-900e-3dc2-a1e1-c59602518cf3
|i fb5707e0-9ac5-3637-84b4-fa9791d6176c
|t 0
|
| 952 |
f |
f |
|a Texas A&M University
|b College Station
|c Electronic Resources
|d Available Online
|t 0
|e GA 1.13:GAO-04-77
|h Superintendent of Documents classification
|
| 998 |
f |
f |
|a GA 1.13:GAO-04-77
|t 0
|l Available Online
|